[Event "Internationale Deutsche Jugendmeisterschaft"]
[Site "Deizisau"]
[Date "2004.04.07"]
[Round "1"]
[White "Antoniewski, Rafal"]
[Black "Troyke, Christian"]
[Result "1-0"]
[WhiteElo "2500"]
[BlackElo "2356"]
[PlyCount "55"]
[EventDate "2004.04.06"]

1. e4 c5 2. b3 d6 3. Bb2 e5 4. Bc4 Nf6 5. Nc3 g6 6. Nge2 Bg7 7. O-O O-O 8. d3
Nc6 9. h3 Be6 10. f4 d5 11. exd5 Nxd5 12. Nxd5 Bxd5 13. f5 f6 14. Ng3 Ne7 15.
Qg4 Bxc4 16. bxc4 Qe8 17. a4 Rc8 18. a5 Rc6 19. Bc3 Kh8 20. Rab1 b6 21. Ra1 Qc8
22. axb6 axb6 23. Kh1 Qb7 24. Ra3 Ra8 25. Rxa8+ Qxa8 26. fxg6 hxg6 27. Bxe5 Kg8
28. Qd7 1-0

[Event "Internationale Deutsche Jugendmeisterschaft"]
[Site "Deizisau"]
[Date "2004.04.07"]
[Round "1"]
[White "Kiseleva, Natalia"]
[Black "Rau, Hannes"]
[Result "0-1"]
[WhiteElo "2344"]
[BlackElo "2377"]
[PlyCount "58"]
[EventDate "2004.04.06"]

1. d4 Nf6 2. c4 e6 3. g3 d5 4. Bg2 Be7 5. Nf3 O-O 6. O-O dxc4 7. Qc2 a6 8. a4
Bd7 9. Qxc4 Bc6 10. Bg5 Bd5 11. Qc2 Be4 12. Qc1 h6 13. Bxf6 Bxf6 14. Nc3 Bh7
15. Rd1 c6 16. a5 Nd7 17. e4 Qc7 18. Qe3 Be7 19. Nd2 e5 20. d5 Bc5 21. Qe2 Kh8
22. Nb3 Ba7 23. Qc4 f5 24. dxc6 bxc6 25. exf5 Bxf5 26. Qxc6 Bxf2+ 27. Kh1 Rac8
28. Qxa6 Bc2 29. Rd6 Nb8 0-1

[Event "Internationale Deutsche Jugendmeisterschaft"]
[Site "Deizisau"]
[Date "2004.04.07"]
[Round "1"]
[White "Meier, Georg"]
[Black "Jonkman, Harmen"]
[Result "0-1"]
[WhiteElo "2365"]
[BlackElo "2421"]
[PlyCount "82"]
[EventDate "2004.04.06"]

1. e4 e5 2. Nf3 Nc6 3. Bb5 a6 4. Bxc6 dxc6 5. O-O f6 6. d4 exd4 7. Nxd4 c5 8.
Nb3 Qxd1 9. Rxd1 Bg4 10. f3 Bd7 11. Bf4 O-O-O 12. Nc3 c4 13. Na5 Bc5+ 14. Kf1
b5 15. a4 Ne7 16. axb5 Bxb5 17. Bd2 Ng6 18. Nxb5 axb5 19. b3 cxb3 20. cxb3 Rd3
21. Rdc1 Bb6 22. Be1 Re8 23. Rc2 Nf4 24. Bd2 Ne6 25. Be1 Bxa5 26. Bxa5 Rxb3 27.
Rc6 Kd7 28. Rac1 Rc8 29. f4 Rb1 30. Rxc7+ Rxc7 31. Rxb1 Rb7 32. Rd1+ Kc6 33.
Rc1+ Kd7 34. Rd1+ Ke8 35. f5 Nc5 36. Rd8+ Ke7 37. Rd4 Kf7 38. Bb4 Nd7 39. Ke2
g6 40. g4 Ne5 41. h3 Nc6 0-1

[Event "Internationale Deutsche Jugendmeisterschaft"]
[Site "Deizisau"]
[Date "2004.04.07"]
[Round "1"]
[White "Bindrich, Falko"]
[Black "Netzer, Jean"]
[Result "1/2-1/2"]
[WhiteElo "2253"]
[BlackElo "2301"]
[PlyCount "127"]
[EventDate "2004.04.06"]

1. e4 e6 2. d4 d5 3. Nc3 Nf6 4. e5 Nfd7 5. Nce2 c5 6. f4 Nc6 7. Nf3 b5 8. a3
Qb6 9. c3 a5 10. f5 cxd4 11. cxd4 Be7 12. Nf4 O-O 13. Bd3 Nxd4 14. f6 Nxf3+ 15.
Qxf3 Bxf6 16. exf6 Nxf6 17. Be3 Qd6 18. Rc1 Bd7 19. O-O d4 20. Bd2 e5 21. Nh5
Nxh5 22. Qxh5 g6 23. Qe2 b4 24. axb4 axb4 25. Rc4 Rab8 26. Qe1 Rfe8 27. Rxb4
Bc6 28. Rxb8 Rxb8 29. b4 Bd5 30. Qh4 Re8 31. Rf6 Qc7 32. Be4 Qb7 33. Bxd5 Qxd5
34. Qg5 Qa2 35. Rd6 e4 36. Rd8 Qa1+ 37. Kf2 e3+ 38. Ke2 Rxd8 39. Qxd8+ Kg7 40.
Bxe3 dxe3 41. Kxe3 Qe1+ 42. Kf3 Qxb4 43. Qd3 h5 44. Kf2 Qf4+ 45. Kg1 h4 46.
Qc3+ Kh7 47. Qh3 Kg7 48. Qc3+ Qf6 49. Qh3 g5 50. Qg4 Kg6 51. Qe4+ Qf5 52. Qc6+
Qe6 53. Qc2+ f5 54. Qc3 Qe4 55. Qd2 g4 56. Qc3 f4 57. Qa5 Qe3+ 58. Kf1 Qd3+ 59.
Ke1 Qe3+ 60. Kf1 h3 61. Qa6+ Kh5 62. Qa5+ Kg6 63. Qa6+ Kg5 64. Qa5+ 1/2-1/2

[Event "Internationale Deutsche Jugendmeisterschaft"]
[Site "Deizisau"]
[Date "2004.04.07"]
[Round "1"]
[White "Michielsen, Joost"]
[Black "Eisenbeiser, Amadeus"]
[Result "1-0"]
[WhiteElo "2215"]
[BlackElo "2229"]
[PlyCount "141"]
[EventDate "2004.04.06"]

1. e4 c5 2. Nf3 e6 3. d4 cxd4 4. Nxd4 a6 5. c4 Nf6 6. Nc3 Bb4 7. Bd3 Nc6 8.
Nde2 d6 9. O-O O-O 10. Bc2 Bc5 11. Bg5 Ne5 12. b3 Bd7 13. a3 Qc7 14. Bxf6 gxf6
15. Ng3 Bc6 16. Qd2 Kh8 17. Qh6 Qe7 18. Nd5 Bxd5 19. exd5 f5 20. Bxf5 exf5 21.
Nxf5 Nf3+ 22. gxf3 Rg8+ 23. Ng3 Rae8 24. Kg2 Qe5 25. b4 Bd4 26. Rae1 Qf6 27.
Qxf6+ Bxf6 28. Rxe8 Rxe8 29. Nf5 Be5 30. f4 Bxf4 31. Rd1 Re5 32. Ng3 b6 33. Kf3
Bh6 34. Ne4 Bf8 35. Nc3 Rf5+ 36. Ke2 Rf4 37. c5 bxc5 38. bxc5 Rc4 39. c6 Rxc3
40. Rb1 Kg7 41. f4 Rxa3 42. Rc1 Ra4 43. Kf3 Ra3+ 44. Kf2 Ra2+ 45. Kg1 Re2 46.
c7 Re8 47. c8=Q Rxc8 48. Rxc8 Be7 49. Ra8 Bf6 50. Rxa6 Bd4+ 51. Kg2 Bc5 52. Kf3
f5 53. Rc6 Bb4 54. h4 Kg6 55. Rc7 h6 56. Re7 h5 57. Re8 Kg7 58. Rd8 Bc5 59. Rb8
Bd4 60. Rb1 Kh6 61. Re1 Bc5 62. Re2 Bb4 63. Rg2 Be1 64. Rg5 Bxh4 65. Rxf5 Kg6
66. Rf8 Be7 67. Re8 Kf7 68. Rh8 Kg6 69. Ke4 Bf6 70. f5+ Kg5 71. Rg8+ 1-0

[Event "Internationale Deutsche Jugendmeisterschaft"]
[Site "Deizisau"]
[Date "2004.04.07"]
[Round "2"]
[White "Netzer, Jean"]
[Black "Troyke, Christian"]
[Result "1/2-1/2"]
[WhiteElo "2301"]
[BlackElo "2356"]
[PlyCount "42"]
[EventDate "2004.04.06"]

1. e4 c5 2. Nf3 Nc6 3. d4 cxd4 4. Nxd4 g6 5. Nc3 Bg7 6. Be3 Nf6 7. Bc4 Qa5 8.
O-O O-O 9. Bb3 d6 10. h3 Bd7 11. Re1 Rfe8 12. Qe2 Rad8 13. Rad1 Nxd4 14. Bxd4
Bc6 15. Nd5 Nd7 16. Bxg7 Kxg7 17. Qe3 Qc5 18. Qg3 a5 19. c3 Nb6 20. Nxb6 Qxb6
21. Qe3 Qxe3 1/2-1/2

[Event "Internationale Deutsche Jugendmeisterschaft"]
[Site "Deizisau"]
[Date "2004.04.07"]
[Round "2"]
[White "Eisenbeiser, Amadeus"]
[Black "Antoniewski, Rafal"]
[Result "0-1"]
[WhiteElo "2229"]
[BlackElo "2500"]
[PlyCount "92"]
[EventDate "2004.04.06"]

1. e4 e5 2. Nf3 Nc6 3. d4 exd4 4. Nxd4 Qf6 5. Nxc6 Bc5 6. Qd2 dxc6 7. Qf4 Bd6
8. Qxf6 Nxf6 9. Bd3 O-O 10. O-O Ng4 11. h3 Ne5 12. Be2 f5 13. f4 Nf7 14. e5
Bc5+ 15. Kh2 Be6 16. Nc3 Rfd8 17. Bd3 Bd4 18. Nd1 c5 19. Ne3 Bxe3 20. Bxe3 b6
21. Bb5 Bd5 22. Bd3 Be6 23. Bb5 a6 24. Bc6 Rab8 25. a4 Bd5 26. Bxd5 Rxd5 27.
Kg1 Kf8 28. Kf2 Ke7 29. Ra3 a5 30. Ke2 Ke6 31. Rd1 Rxd1 32. Kxd1 Rg8 33. g3 g5
34. Bf2 Rg6 35. Ke2 Rh6 36. h4 gxh4 37. gxh4 Rg6 38. Rd3 h5 39. Kf3 Ke7 40. c3
Nd8 41. Bg3 Ne6 42. Rd1 c4 43. Rd5 Rg4 44. Rd2 Nc5 45. Rd4 Nd3 46. Rxc4 Nxe5+
0-1

[Event "Internationale Deutsche Jugendmeisterschaft"]
[Site "Deizisau"]
[Date "2004.04.07"]
[Round "2"]
[White "Jonkman, Harmen"]
[Black "Michielsen, Joost"]
[Result "1-0"]
[WhiteElo "2421"]
[BlackElo "2215"]
[PlyCount "101"]
[EventDate "2004.04.06"]

1. e4 c5 2. c3 e6 3. d4 d5 4. e5 Nc6 5. Nf3 Bd7 6. Be2 Nge7 7. Na3 cxd4 8. cxd4
Ng6 9. O-O Be7 10. Nc2 O-O 11. Re1 f6 12. Bd3 fxe5 13. Bxg6 hxg6 14. dxe5 Be8
15. Be3 Rf5 16. g4 Rf8 17. Ncd4 Qd7 18. Rc1 Rc8 19. h3 Bf7 20. a3 Na5 21. Bg5
Rxc1 22. Qxc1 Rc8 23. Qf4 Bf8 24. Rc1 Nc4 25. Rc2 a5 26. a4 Bb4 27. b3 Na3 28.
Rxc8+ Qxc8 29. Qc1 Qxc1+ 30. Bxc1 Kf8 31. Bd2 Bxd2 32. Nxd2 Ke7 33. N2f3 Be8
34. Ng5 Bd7 35. Kg2 Nb1 36. Kf3 Nc3 37. Ke3 Na2 38. h4 b6 39. Nh3 Be8 40. Nf4
Bf7 41. Nd3 Nc3 42. f3 Nb1 43. Kf4 Be8 44. Kg5 Nd2 45. Kf4 Nb1 46. Ke3 Kf7 47.
Nf4 Bd7 48. Kd3 Na3 49. Kd2 b5 50. axb5 Nxb5 51. Nfxe6 1-0

[Event "Internationale Deutsche Jugendmeisterschaft"]
[Site "Deizisau"]
[Date "2004.04.07"]
[Round "2"]
[White "Rau, Hannes"]
[Black "Meier, Georg"]
[Result "0-1"]
[WhiteElo "2377"]
[BlackElo "2365"]
[PlyCount "116"]
[EventDate "2004.04.06"]

1. d4 e6 2. c4 b6 3. Nc3 Bb4 4. e4 Bb7 5. Bd3 f5 6. Qh5+ g6 7. Qe2 Nf6 8. f3
Nc6 9. Be3 fxe4 10. fxe4 e5 11. d5 Nd4 12. Bxd4 exd4 13. a3 Bxc3+ 14. bxc3 dxc3
15. Nf3 O-O 16. O-O Qe7 17. e5 Rae8 18. Rae1 Nh5 19. g3 Qc5+ 20. Qe3 Qxe3+ 21.
Rxe3 c6 22. Be4 cxd5 23. cxd5 Rc8 24. Rc1 c2 25. Ne1 Rfe8 26. Bf3 Nf6 27. Rxc2
Nxd5 28. Rxc8 Rxc8 29. Rd3 Rc5 30. Rd4 Bc6 31. Nd3 Ra5 32. Kf2 Kf7 33. h4 Ke7
34. Nb2 Nc7 35. Nc4 Ra4 36. Bd1 Ra6 37. Rd3 Bb5 38. Bb3 Rxa3 39. Rxd7+ Bxd7 40.
Nxa3 Be6 41. Bc2 b5 42. Bd3 b4 43. Nc4 Bd5 44. Ke3 Ne6 45. Nd6 a5 46. Nc8+ Kd7
47. Nb6+ Kc6 48. Na4 Bb3 49. Be4+ Kb5 50. Nb2 a4 51. Bd3+ Kb6 52. Bb1 a3 53.
Nd3 Kb5 54. Nc1 Bc4 55. Kd2 Kc5 56. h5 b3 57. hxg6 hxg6 58. Kc3 a2 0-1

[Event "Internationale Deutsche Jugendmeisterschaft"]
[Site "Deizisau"]
[Date "2004.04.07"]
[Round "2"]
[White "Bindrich, Falko"]
[Black "Kiseleva, Natalia"]
[Result "1-0"]
[WhiteElo "2253"]
[BlackElo "2344"]
[PlyCount "57"]
[EventDate "2004.04.06"]

1. e4 e6 2. d4 d5 3. Nc3 Nf6 4. e5 Nfd7 5. Nce2 c5 6. f4 Nc6 7. Nf3 Qb6 8. c3
f6 9. a3 Be7 10. h4 O-O 11. b4 cxd4 12. cxd4 a5 13. b5 Qxb5 14. Nc3 Qb6 15. Rb1
Qd8 16. Bd3 fxe5 17. dxe5 Nc5 18. Bxh7+ Kxh7 19. Ng5+ Kg8 20. Qh5 Bxg5 21. hxg5
Nd3+ 22. Ke2 Nxc1+ 23. Rbxc1 Nd4+ 24. Kd1 Nf5 25. Nb5 Qe8 26. Qh7+ Kf7 27. Rc7+
Bd7 28. g4 Qe7 29. gxf5 1-0

[Event "Internationale Deutsche Jugendmeisterschaft"]
[Site "Deizisau"]
[Date "2004.04.08"]
[Round "3"]
[White "Kiseleva, Natalia"]
[Black "Netzer, Jean"]
[Result "1/2-1/2"]
[WhiteElo "2344"]
[BlackElo "2301"]
[PlyCount "77"]
[EventDate "2004.04.06"]

1. d4 d5 2. c4 e6 3. Nf3 Nf6 4. cxd5 exd5 5. Nc3 c6 6. Qc2 g6 7. Bg5 Be7 8. e3
Bf5 9. Bd3 Bxd3 10. Qxd3 h6 11. Bf4 Nbd7 12. h3 Nh5 13. Bh2 O-O 14. g4 Ng7 15.
O-O-O b5 16. Kb1 b4 17. Ne2 Ne6 18. Ne5 Nxe5 19. Bxe5 Bd6 20. f4 Bxe5 21. fxe5
Qe7 22. Ng3 c5 23. h4 c4 24. Qe2 b3 25. Nf5 gxf5 26. gxf5 f6 27. Rhg1+ Ng7 28.
Rg6 Kh7 29. Qg4 fxe5 30. Rxh6+ Kg8 31. Qg6 bxa2+ 32. Kxa2 Rfb8 33. Rg1 Rxb2+
34. Kxb2 Qb4+ 35. Kc2 Qb3+ 36. Kd2 Qd3+ 37. Ke1 Qxe3+ 38. Kf1 Qf3+ 39. Ke1
1/2-1/2

[Event "Internationale Deutsche Jugendmeisterschaft"]
[Site "Deizisau"]
[Date "2004.04.08"]
[Round "3"]
[White "Meier, Georg"]
[Black "Bindrich, Falko"]
[Result "1-0"]
[WhiteElo "2365"]
[BlackElo "2253"]
[PlyCount "139"]
[EventDate "2004.04.06"]

1. e4 c5 2. Nf3 d6 3. Bb5+ Bd7 4. Bxd7+ Nxd7 5. O-O Ngf6 6. Qe2 e6 7. b3 Qc7 8.
Bb2 Be7 9. c4 O-O 10. d4 cxd4 11. Nxd4 Rfe8 12. Nc3 d5 13. Ndb5 Qf4 14. g3 Qb8
15. cxd5 exd5 16. Nxd5 Nxd5 17. exd5 Ba3 18. Qxe8+ Qxe8 19. Bxa3 Ne5 20. Nd4
Qd7 21. d6 h5 22. Rfe1 f6 23. f4 Qg4 24. Rad1 Ng6 25. Kf2 h4 26. Re2 a6 27. Rd3
Qh3 28. Nf3 Rd8 29. Rd5 Qd7 30. Nd4 Qh3 31. Nf3 Qd7 32. Rc2 Qe6 33. Rdd2 Qf5
34. Rc5 Qd7 35. Rc7 Qb5 36. Bc5 Nf8 37. Be3 Ne6 38. Re7 Nc5 39. Nd4 Qb4 40. a3
Qxa3 41. Nf5 hxg3+ 42. hxg3 Qa5 43. g4 Nxb3 44. Rc2 g6 45. Nh6+ Kf8 46. Rf7+
Ke8 47. Re7+ Kf8 48. Rcc7 Rxd6 49. Rh7 Qxc7 50. Rxc7 b5 51. Rc3 Nd2 52. Rc2 Nb3
53. Rc3 Nd2 54. Rc2 Nb3 55. g5 fxg5 56. fxg5 a5 57. Rc8+ Ke7 58. Rb8 b4 59. Ng4
Nd4 60. Ne5 Nc6 61. Rb7+ Ke6 62. Nxg6 a4 63. Nf4+ Kf5 64. g6 a3 65. g7 Rd8 66.
Rf7+ Ke4 67. Rf8 a2 68. Rxd8 Nxd8 69. g8=Q a1=Q 70. Qd5# 1-0

[Event "Internationale Deutsche Jugendmeisterschaft"]
[Site "Deizisau"]
[Date "2004.04.08"]
[Round "3"]
[White "Michielsen, Joost"]
[Black "Rau, Hannes"]
[Result "1/2-1/2"]
[WhiteElo "2215"]
[BlackElo "2377"]
[PlyCount "69"]
[EventDate "2004.04.06"]

1. e4 c5 2. Nf3 d6 3. d4 cxd4 4. Nxd4 Nf6 5. Nc3 Nc6 6. Bc4 Qb6 7. Nb3 e6 8. f4
Be7 9. Qf3 a6 10. Bd3 Qc7 11. Be3 b5 12. g4 Bb7 13. g5 Nd7 14. Qh3 g6 15. O-O-O
Nb4 16. Kb1 Nc5 17. Bd4 Ncxd3 18. cxd3 e5 19. fxe5 dxe5 20. Qg3 Bd6 21. Bf2 Bc8
22. Rc1 Qd8 23. Bc5 Be6 24. Bxd6 Qxd6 25. d4 Bxb3 26. axb3 O-O 27. Rcd1 Rfe8
28. d5 Rf8 29. Rhf1 f5 30. gxf6 Rxf6 31. Na2 Rxf1 32. Rxf1 Nxa2 33. Kxa2 a5 34.
Qf2 Rf8 35. Qxf8+ 1/2-1/2

[Event "Internationale Deutsche Jugendmeisterschaft"]
[Site "Deizisau"]
[Date "2004.04.08"]
[Round "3"]
[White "Antoniewski, Rafal"]
[Black "Jonkman, Harmen"]
[Result "1-0"]
[WhiteElo "2500"]
[BlackElo "2421"]
[PlyCount "193"]
[EventDate "2004.04.06"]

1. b3 d5 2. e3 Nf6 3. Bb2 Bg4 4. Be2 Bxe2 5. Qxe2 Nbd7 6. Nf3 c6 7. O-O g6 8.
c4 Bg7 9. Nc3 O-O 10. d4 Re8 11. Rfd1 Qc7 12. cxd5 Nxd5 13. Nxd5 cxd5 14. Qb5
Qc6 15. Qa5 b6 16. Qa6 Qc8 17. Qb5 Qb7 18. Rdc1 Rac8 19. a4 a6 20. Qf1 Bf8 21.
Ba3 Rxc1 22. Rxc1 Rc8 23. h3 e6 24. Bxf8 Kxf8 25. Qe1 Rxc1 26. Qxc1 Ke8 27. Qc3
h6 28. Ne1 Nb8 29. Nd3 Qc6 30. Qd2 Nd7 31. Nb4 Qc8 32. f3 h5 33. Nd3 Qc7 34.
Nb4 Qc8 35. h4 Nb8 36. Kf2 Qc7 37. g3 Qc8 38. Kg2 Nc6 39. Qc3 Kd7 40. Nd3 Qf8
41. b4 f6 42. a5 Qb8 43. Qc2 f5 44. Qa4 Kd6 45. Qa3 b5 46. Qc1 Qa7 47. Qc3 Kd7
48. Nc5+ Kd6 49. Nd3 Ne7 50. Nf4 Kd7 51. Kf2 Kd6 52. Ke2 Kd7 53. Kd2 Kd6 54.
Nd3 Nc6 55. Kc2 Ne7 56. Kb2 Nc6 57. Kb3 Ne7 58. Nf4 Kd7 59. Kc2 Kd6 60. Kd1 Kd7
61. Nd3 Kd6 62. Qc2 Kd7 63. Kd2 Kd6 64. Qc5+ Qxc5 65. Nxc5 f4 66. gxf4 Nf5 67.
Nxa6 Nxh4 68. Ke2 Nf5 69. Nc5 Ne7 70. Kf2 Nc6 71. Nd3 Ke7 72. Kg3 Kf6 73. a6 g5
74. Ne5 Na7 75. fxg5+ Kxg5 76. Kh3 h4 77. Kg2 Kf6 78. Kh3 Kg5 79. Nf7+ Kf6 80.
Nh6 Kg6 81. Ng4 Kh5 82. f4 Nc6 83. f5 exf5 84. Nf6+ Kg5 85. Nxd5 Na7 86. Nf4
Nc8 87. d5 Na7 88. d6 Kf6 89. Kxh4 Kf7 90. Kg5 Ke8 91. Kxf5 Kd7 92. e4 Kxd6 93.
Kf6 Nc6 94. Nd3 Kc7 95. e5 Kb6 96. e6 Kxa6 97. e7 1-0

[Event "Internationale Deutsche Jugendmeisterschaft"]
[Site "Deizisau"]
[Date "2004.04.08"]
[Round "3"]
[White "Troyke, Christian"]
[Black "Eisenbeiser, Amadeus"]
[Result "0-1"]
[WhiteElo "2356"]
[BlackElo "2229"]
[PlyCount "120"]
[EventDate "2004.04.06"]

1. g3 c5 2. c4 Nc6 3. Bg2 g6 4. Nc3 Bg7 5. Nf3 e6 6. d4 cxd4 7. Nb5 d5 8. cxd5
Qa5+ 9. Bd2 Qxb5 10. dxc6 Ne7 11. cxb7 Bxb7 12. a4 Qb6 13. a5 Qb5 14. Ra4 Bd5
15. Rb4 Qd7 16. a6 O-O 17. O-O Rab8 18. Re1 Nc6 19. Rxb8 Rxb8 20. Qc1 Qc8 21.
Bh6 Bh8 22. Qc5 Qxa6 23. Rc1 Qb6 24. Qd6 Rd8 25. Qa3 Qb7 26. Rc5 Bf6 27. Qa4
Be7 28. Rc1 Nb4 29. h4 d3 30. Qd1 Na2 31. Ra1 Qxb2 32. exd3 a5 33. Bf4 Nc3 34.
Qe1 Ne2+ 35. Kf1 Nxf4 36. gxf4 Bb4 37. Qb1 Qxb1+ 38. Rxb1 Bd6 39. Ra1 Ra8 40.
Ne5 Bxg2+ 41. Kxg2 Bxe5 42. fxe5 a4 43. Ra3 Kf8 44. Kf3 Ke7 45. Ke4 Kd7 46. Kd4
Kc6 47. Kc4 h6 48. f4 Ra7 49. d4 Ra8 50. Rc3 a3 51. Kd3+ Kd7 52. Rc1 a2 53. Ra1
Kc6 54. Rc1+ Kb5 55. Ra1 Kb4 56. Kc2 Kc4 57. Kb2 Kxd4 58. Rd1+ Ke4 59. Ka1 Ra7
60. Rf1 h5 0-1

[Event "Internationale Deutsche Jugendmeisterschaft"]
[Site "Deizisau"]
[Date "2004.04.09"]
[Round "4"]
[White "Netzer, Jean"]
[Black "Eisenbeiser, Amadeus"]
[Result "1-0"]
[WhiteElo "2301"]
[BlackElo "2229"]
[PlyCount "59"]
[EventDate "2004.04.06"]

1. e4 c5 2. Nc3 e6 3. Nge2 a6 4. g3 b5 5. Bg2 Bb7 6. O-O d6 7. a3 g6 8. d4 Bg7
9. dxc5 dxc5 10. Qxd8+ Kxd8 11. Be3 Nd7 12. Rfd1 Kc7 13. Rd2 Ne7 14. Rad1 Rad8
15. f3 h6 16. Kf2 Nc6 17. Bh3 Nce5 18. b3 Nc6 19. f4 Ne7 20. Bg2 Bc6 21. e5 f5
22. Rd6 b4 23. axb4 cxb4 24. Rxe6 bxc3 25. Rxe7 Bf8 26. Rf7 Bxg2 27. Kxg2 Kc8
28. e6 Nc5 29. Rxd8+ Kxd8 30. Rxf8+ 1-0

[Event "Internationale Deutsche Jugendmeisterschaft"]
[Site "Deizisau"]
[Date "2004.04.09"]
[Round "4"]
[White "Jonkman, Harmen"]
[Black "Troyke, Christian"]
[Result "1/2-1/2"]
[WhiteElo "2421"]
[BlackElo "2356"]
[PlyCount "118"]
[EventDate "2004.04.06"]

1. e4 g6 2. d4 Bg7 3. Nc3 d5 4. exd5 Nf6 5. Bc4 Nbd7 6. Nf3 O-O 7. Bb3 Nb6 8.
Bf4 a5 9. a3 a4 10. Ba2 Nfxd5 11. Nxd5 Nxd5 12. Be5 c6 13. Qd2 f6 14. Bg3 Be6
15. O-O Bf7 16. Rfe1 b5 17. Re2 Ra7 18. c3 Rd7 19. Qe1 Bh6 20. Re4 Bg7 21. h3
c5 22. dxc5 e5 23. Qe2 Qa5 24. c4 bxc4 25. Qxc4 Rb8 26. Qc2 Rc7 27. c6 Qb5 28.
Rc4 Bf8 29. Qxa4 Qxb2 30. Rb1 Qxb1+ 31. Bxb1 Rxb1+ 32. Kh2 Nb6 33. Qc2 Nxc4 34.
Qxb1 Rxc6 35. a4 Rb6 36. Qd1 Ra6 37. Qd8 Kg7 38. Qd7 Bc5 39. Ne1 Bf8 40. Nc2
Rd6 41. Qc7 Ra6 42. Qd7 Rd6 43. Qc8 Nb6 44. Qa6 Nc4 45. Qa7 Rd5 46. Ne3 Bc5 47.
Qc7 Nxe3 48. fxe3 Bxe3 49. Qc3 Bd4 50. Qe1 Rc5 51. Bf2 Bxf2 52. Qxf2 Rc3 53.
Qb2 Rb3 54. Qa1 Rd3 55. Qc1 Rd4 56. Qc2 Rc4 57. Qb3 Rd4 58. Qc2 Rc4 59. Qa2 Rd4
1/2-1/2

[Event "Internationale Deutsche Jugendmeisterschaft"]
[Site "Deizisau"]
[Date "2004.04.09"]
[Round "4"]
[White "Rau, Hannes"]
[Black "Antoniewski, Rafal"]
[Result "0-1"]
[WhiteElo "2377"]
[BlackElo "2500"]
[PlyCount "82"]
[EventDate "2004.04.06"]

1. d4 Nf6 2. c4 c5 3. d5 e6 4. Nc3 exd5 5. cxd5 Bd6 6. e4 Be5 7. Bd3 O-O 8.
Nge2 d6 9. f3 Re8 10. O-O Nbd7 11. Kh1 a6 12. a4 Nf8 13. Be3 Ng6 14. f4 Ng4 15.
Bg1 Bf6 16. h3 Nh6 17. g4 Bxc3 18. bxc3 Qh4 19. Kg2 Nxg4 20. hxg4 Bxg4 21. Qd2
Bh3+ 22. Kf3 f5 23. Ng3 Qg4+ 24. Kf2 Nxf4 25. exf5 Bg2 26. Qd1 Qh3 27. Re1 Bxd5
28. Bf1 Qh4 29. Qd2 Rf8 30. Re3 Rxf5 31. Ke1 Rf7 32. c4 Bc6 33. Raa3 Rb8 34.
Bf2 Qg4 35. Qd1 Qg6 36. Ne2 Ng2+ 37. Bxg2 Qxg2 38. Nf4 Rxf4 39. Qe2 Rbf8 40.
Bg3 Rf1+ 41. Kd2 R1f2 0-1

[Event "Internationale Deutsche Jugendmeisterschaft"]
[Site "Deizisau"]
[Date "2004.04.09"]
[Round "4"]
[White "Bindrich, Falko"]
[Black "Michielsen, Joost"]
[Result "1/2-1/2"]
[WhiteElo "2253"]
[BlackElo "2215"]
[PlyCount "191"]
[EventDate "2004.04.06"]

1. e4 c5 2. Nf3 e6 3. d4 cxd4 4. Nxd4 Nc6 5. Nc3 d6 6. Be2 Nf6 7. Be3 Be7 8. g4
d5 9. exd5 Nxd5 10. Nxd5 Qxd5 11. Bf3 Qa5+ 12. Kf1 O-O 13. Nxc6 bxc6 14. Kg2
Rb8 15. b3 Bf6 16. Rc1 Rd8 17. Qe2 Ba6 18. c4 c5 19. Bf4 Rbc8 20. g5 Bd4 21. h4
Qb6 22. h5 e5 23. Bg3 Bb7 24. Rh4 Rd6 25. h6 g6 26. Be4 Rf8 27. Kg1 f6 28. gxf6
Rdxf6 29. Rf1 Qc7 30. Kg2 Rf5 31. f3 Bxe4 32. Qxe4 Qa5 33. Qc2 Qd8 34. Rg4 Qf6
35. Qe4 Rd8 36. Bh4 g5 37. Qxf5 Qxf5 38. Rxg5+ Qxg5+ 39. Bxg5 Rd6 40. f4 Be3
41. Rf3 exf4 42. Bxf4 Bxf4 43. Rxf4 Rxh6 44. Rf5 Ra6 45. Rxc5 Rxa2+ 46. Kf3 Kf7
47. Rc7+ Ke6 48. Rxh7 Kd6 49. Ke4 Rb2 50. Rb7 Kc6 51. Rb8 a5 52. Rb5 a4 53.
bxa4 Ra2 54. a5 Ra1 55. Kd4 Rd1+ 56. Kc3 Ra1 57. Rh5 Rc1+ 58. Kb3 Rg1 59. Rh8
Ra1 60. Rc8+ Kb7 61. Rc5 Ka6 62. Kb4 Rb1+ 63. Kc3 Rh1 64. Rd5 Rg1 65. Re5 Rh1
66. Kb4 Rb1+ 67. Kc5 Kxa5 68. Kc6+ Ka6 69. c5 Rh1 70. Re6 Rh7 71. Rg6 Rf7 72.
Re6 Rh7 73. Kd6 Kb7 74. Re8 Rh6+ 75. Kd5 Kc7 76. Re7+ Kc8 77. Kc4 Rg6 78. Kb5
Rh6 79. Rg7 Rf6 80. Rh7 Rg6 81. Rh8+ Kc7 82. Rh7+ Kc8 83. Ra7 Kb8 84. Re7 Kc8
85. Re1 Rh6 86. c6 Rh2 87. Re8+ Kc7 88. Re7+ Kc8 89. Re4 Rb2+ 90. Kc5 Rc2+ 91.
Rc4 Rxc4+ 92. Kxc4 Kc7 93. Kb5 Kc8 94. Kb6 Kb8 95. c7+ Kc8 96. Kc6 1/2-1/2

[Event "Internationale Deutsche Jugendmeisterschaft"]
[Site "Deizisau"]
[Date "2004.04.09"]
[Round "4"]
[White "Kiseleva, Natalia"]
[Black "Meier, Georg"]
[Result "0-1"]
[WhiteElo "2344"]
[BlackElo "2365"]
[PlyCount "118"]
[EventDate "2004.04.06"]

1. d4 e6 2. c4 b6 3. a3 f5 4. Nc3 Nf6 5. d5 Ba6 6. b3 g6 7. Bb2 Bg7 8. g3 Bb7
9. Bg2 O-O 10. Nh3 Na6 11. O-O Ne4 12. Qc2 Nxc3 13. Bxc3 Bxc3 14. Qxc3 Qf6 15.
Qxf6 Rxf6 16. b4 exd5 17. Nf4 c6 18. cxd5 c5 19. bxc5 Nxc5 20. Rac1 Re8 21. e3
Ba6 22. Rfd1 g5 23. Nh3 h6 24. Kh1 Kf7 25. Rc3 Kg6 26. Rd4 Rf7 27. Kg1 d6 28.
f3 Bc8 29. Nf2 Rfe7 30. e4 fxe4 31. fxe4 Bd7 32. Bf3 b5 33. Kg2 a5 34. Re3 Rb8
35. Nd3 Nb3 36. Nf4+ gxf4 37. Rxb3 fxg3 38. Kxg3 Kg5 39. h4+ Kf6 40. Kf4 Rg7
41. Rd2 Rg1 42. Rdb2 Rf8 43. Be2 a4 44. Rc3 Rh1 45. Rg3 Rxh4+ 46. Ke3 Ke5 47.
Bd3 Rb8 48. Rb4 Rh1 49. Rg7 Rh3+ 50. Kd2 Rb7 51. Rb1 Rh2+ 52. Kc3 Rh3 53. Rd1
Rc7+ 54. Kb4 Rh2 55. Rb1 Kf6 56. Rh7 Rb7 57. Ka5 Rh3 58. Rxb5 Bxb5 59. Rxb7
Bxd3 0-1

[Event "Internationale Deutsche Jugendmeisterschaft"]
[Site "Deizisau"]
[Date "2004.04.09"]
[Round "5"]
[White "Meier, Georg"]
[Black "Netzer, Jean"]
[Result "1/2-1/2"]
[WhiteElo "2365"]
[BlackElo "2301"]
[PlyCount "98"]
[EventDate "2004.04.06"]

1. Nf3 c5 2. c4 g6 3. Nc3 Bg7 4. g3 Nc6 5. Bg2 d6 6. O-O Qd7 7. d3 Bxc3 8. bxc3
f5 9. Ne1 b6 10. Nc2 Bb7 11. Bh3 O-O-O 12. e4 e6 13. f3 h6 14. Ne3 Nf6 15. d4
Ne7 16. d5 e5 17. exf5 g5 18. Rf2 Kb8 19. Rb1 Nc8 20. Bf1 e4 21. f4 g4 22. Nxg4
Qxf5 23. Ne3 Qd7 24. Be2 h5 25. Qf1 Rdg8 26. Kh1 Qh7 27. Bd2 Ne7 28. f5 Bc8 29.
Qh3 Qg7 30. Qg2 Qh7 31. Rbf1 Kc7 32. Rf4 Rg5 33. R1f2 Qg8 34. Qf1 Bd7 35. Bd1
Qh7 36. Bc2 Rf8 37. Qh3 Nxf5 38. Qf1 Ng4 39. Nxg4 Rxg4 40. Kg1 Rxf4 41. Rxf4
Re8 42. Qf2 Nh6 43. Qe2 Bg4 44. Qf1 Bf5 45. h3 Re5 46. Be3 Qd7 47. Kh2 Ng8 48.
Rh4 Bg6 49. Qf8 Re8 1/2-1/2

[Event "Internationale Deutsche Jugendmeisterschaft"]
[Site "Deizisau"]
[Date "2004.04.09"]
[Round "5"]
[White "Michielsen, Joost"]
[Black "Kiseleva, Natalia"]
[Result "1-0"]
[WhiteElo "2215"]
[BlackElo "2344"]
[PlyCount "67"]
[EventDate "2004.04.06"]

1. e4 e6 2. d4 d5 3. Nd2 c5 4. exd5 Qxd5 5. Ngf3 cxd4 6. Bc4 Qd8 7. O-O a6 8.
Nb3 Qc7 9. Qxd4 Nc6 10. Qh4 Bd6 11. Bd2 Ne5 12. Nxe5 Bxe5 13. Rad1 Ne7 14. Bd3
Bxb2 15. Rfe1 Bf6 16. Qe4 Ng6 17. Bb4 Be7 18. Ba5 Qb8 19. Nd4 O-O 20. Rb1 Bd6
21. g3 b5 22. Nc6 Qb7 23. a4 f5 24. Qg2 Kh8 25. axb5 Bd7 26. bxa6 Qc8 27. Nd4
Ne5 28. Bb5 Nc4 29. Bxd7 Qxd7 30. Rb7 Qc8 31. Nxe6 Nxa5 32. Nxf8 Rxa6 33. Nd7
h6 34. Rb6 1-0

[Event "Internationale Deutsche Jugendmeisterschaft"]
[Site "Deizisau"]
[Date "2004.04.09"]
[Round "5"]
[White "Antoniewski, Rafal"]
[Black "Bindrich, Falko"]
[Result "1-0"]
[WhiteElo "2500"]
[BlackElo "2253"]
[PlyCount "93"]
[EventDate "2004.04.06"]

1. e4 c5 2. Nc3 Nc6 3. f4 g6 4. Nf3 Bg7 5. Bb5 Nd4 6. O-O Nxb5 7. Nxb5 Nf6 8.
Nc3 O-O 9. Qe1 d5 10. d3 Bg4 11. Qg3 Bxf3 12. Qxf3 d4 13. Ne2 Nd7 14. Bd2 c4
15. dxc4 Qb6 16. Qb3 Qc6 17. e5 Nb6 18. c5 Qxc5 19. Bb4 Qc4 20. Qxc4 Nxc4 21.
Nxd4 Nxb2 22. Bxe7 Rfe8 23. Bh4 Nc4 24. Rfe1 Bf8 25. c3 a6 26. a4 Rac8 27. Nb3
Nb6 28. Na5 Rxc3 29. Nxb7 Be7 30. Bf2 Rb8 31. Nd6 Nc4 32. Ne4 Rc2 33. Rab1 Rxb1
34. Rxb1 Nd2 35. Nxd2 Rxd2 36. a5 Rd5 37. Be1 Bd8 38. Rb8 Kg7 39. Ra8 Bxa5 40.
Bh4 Bb6+ 41. Kf1 Rd4 42. Bf6+ Kh6 43. Bg5+ Kg7 44. g3 Rd7 45. Bf6+ Kh6 46. Rg8
Kh5 47. h3 1-0